|
|
|
|
| LEADER |
00000nab a2200000 ar4500 |
| 001 |
vtls009085243 |
| 003 |
SK-MaSNL |
| 005 |
20260426085559.0 |
| 008 |
250507|2007 xo u|me|||||||00 ||slo |
| 015 |
|
|
|a SNBRA2007/08
|
| 035 |
|
|
|a (uuid)ff549df6-5300-4e9e-9d75-1e9016451c5a
|
| 035 |
|
|
|a urn:nbn:sk:snk-abado9
|
| 035 |
|
|
|a (urnnbn)urn:nbn:sk:snk:ar-006mpg
|
| 038 |
|
|
|a SNKBUCL
|
| 040 |
|
|
|a SNKBUCL
|b slo
|c SNKBUCL
|e AACR2
|
| 041 |
0 |
|
|a slo
|
| 044 |
|
|
|a xo
|c SK
|
| 080 |
|
|
|a 327
|x (437.6)
|2 2001
|
| 080 |
|
|
|a 327.39
|x (4)
|2 2001
|
| 080 |
|
|
|a 620.9
|x (4)
|2 2001
|
| 080 |
|
|
|a 58.03
|x (4)
|2 2001
|
| 100 |
1 |
|
|a Hirman, Karel
|4 aut
|9 438764
|
| 245 |
1 |
0 |
|a Energetika ako faktor medzinárodnej bezpečnosti
|c Karel Hirman
|
| 504 |
|
|
|a Bibliogr. odkazy
|
| 648 |
|
7 |
|a 2006
|2 snkbucl
|9 313148
|
| 650 |
0 |
7 |
|a zahraničná politika
|2 snkbucl
|9 971
|
| 650 |
0 |
7 |
|a energetická politika
|2 snkbucl
|9 3923
|
| 650 |
0 |
7 |
|a medzinárodná bezpečnosť
|2 snkbucl
|9 2672
|
| 651 |
|
7 |
|a Slovensko
|2 snkbucl
|9 14231
|
| 651 |
|
7 |
|a Európa
|2 snkbucl
|9 167569
|
| 773 |
0 |
|
|t Ročenka zahraničnej politiky Slovenskej republiky 2006
|d Bratislava : Výskumné centrum slovenskej spoločnosti pre zahraničnú politiku, 2007
|g S. 93-102
|z 8096918690
|
| 850 |
|
|
|a Slovenská národná knižnica
|
| 852 |
|
|
|a Slovenská národná knižnica
|
| 954 |
|
|
|a odborná, vedecká literatúra pôvodná (slovenská)
|2 lita
|
| 958 |
|
|
|a article14
|
| 958 |
|
|
|a OND
|
| 958 |
|
|
|a SK
|
| 958 |
|
|
|a NB
|
| 958 |
|
|
|a EUIPO
|
| 999 |
|
|
|c 2967751
|d 2969681
|